000 00787nas a2200265 4500
001 BR0500823
003 BR-BrBNA
005 20231205105150.0
007 ta
008 230509b bl.|||p| |||| 00| 00por d
040 _aBR-BrBNA
_bpor
_cBiblioteca Nacional de Agricultura
041 _a(Pt)
072 _aL70
100 1 _aPagliosa, G.M.
100 1 _aAlves, G.E.S.
245 1 _aFatores predisponentes das complicações incisionais de laparotimias medianas em equinos
650 _aEQUINO
650 _aANESTESIA
650 _aLAPAROTOMIA
650 _aCICATRIZAÇÃO
650 _aVETERINÁRIA
773 0 _tCiência Rural (Brazil)
_xISSN 0103-8478
_g(Sep-Oct 2004), v. 34(5) p. 1655-1659
_wBR0500823
909 _a202311
_bLúcia
_c55
_dLúcia Elande
942 _2AGRIS
_n0
_cANA
999 _c181568
_d181568